00737nam a22001577a 450000500170000001000150001702000260003203500140005803700130007208200080008524500720009326000300016527000840019530000310027950502690031020150907114514.0 aENG-113517 c975.00a9789351434290 aEN- 97049 bDBAD/PUB a000 aCarvinowledge's CPT practice kit / cforeworded by Jay Ajit Chhaira aGurgaonbLexisNexisc2015 a14th Fioor, Buiding No.10, Tower - B DLF Cyber City, Phase- IIbGurgaone122002 avarious pagingsc27cm(pbk) aModule 1- Fundamentals of accounting Module 2- Mercantile laws Module 3- General economics Module 4- Quantitative aptitude Solved Analyzer-1- Fundamentals of accounting, mercantile laws Solved Analyzer-2- General economics, quantitative aptitude Model test papers